Famous Catherines - Statistics

General Stats
  • This quiz has been taken 16,181 times
    16,145 since last reset
  • The average score is 10 of 19
Answer Stats
Hint Answer % Correct
Leading lady of Hollywood, not related to Audrey Katharine Hepburn
85%
Titanic actress Kate Winslet
83%
Royal bride of 2011 Kate Middleton
81%
Twitter's most-followed person Katy Perry
79%
Russian empress Catherine the Great
70%
Michael Douglas's wife Catherine Zeta-Jones
68%
Wives of Henry VIII Catherine of Aragon
67%
Tom Cruise loved her so much, he jumped on a couch Katie Holmes
58%
Goldie Hawn's daughter Kate Hudson
55%
Waifish English model who was heroin chic Kate Moss
49%
Star of "Grey's Anatomy" and "Knocked Up" Katherine Heigl
47%
Wives of Henry VIII Catherine Parr
44%
Galadriel in "Lord of the Rings" Cate Blanchett
41%
Wives of Henry VIII Catherine Howard
32%
2012 and 2013 Sports Illustrated swimsuit cover model Kate Upton
29%
Director of "The Hurt Locker" Kathryn Bigelow
24%
American journalist who famously interviewed Sarah Palin Katie Couric
22%
Reality show mother of sextuplets Kate Gosselin
14%
She was once Britain's most widely-read novelist Catherine Cookson
13%
No matching quizzes found
Score Distribution
Percent of People with Each Score
Percentile by Number Answered
Your Score History
You have not taken this quiz since the last reset